| 000 | 00510nam a22001817a 4500 | ||
|---|---|---|---|
| 003 | BD-DhUIB | ||
| 005 | 20260602145244.0 | ||
| 008 | 260602b |||||||| |||| 00| 0 eng d | ||
| 020 | _a9789811928963 | ||
| 040 |
_aBD-DhUIB _cBD-DhUIB |
||
| 082 | _222 | ||
| 100 |
_aRahman,Md. Arifur. _91130 |
||
| 245 |
_aJapanese retail industry after the bubble economy/ _cby Md. Arifur Rahman. |
||
| 260 |
_aNew Delhi : _bSpringer , _cc2022 . |
||
| 300 |
_axviii, 98p. : _billus. ; _c18cm. |
||
| 526 | _aMBA | ||
| 942 |
_2ddc _cBK |
||
| 999 |
_c720 _d720 |
||